| 000 | 01576cam a2200361 a 4500 | ||
|---|---|---|---|
| 001 | 4469995 | ||
| 003 | AUA.1 | ||
| 005 | 20251120114415.0 | ||
| 008 | 960306s1998 miua b 001 0 heb | ||
| 010 | _a 96012373 | ||
| 020 |
_a0802837867 _qcloth : alk. paper |
||
| 020 |
_a9780802837868 _q(cloth : alk. paper) |
||
| 035 | _a4469995 | ||
| 040 |
_aDLC _cDLC _dDLC |
||
| 041 | 0 |
_aheb _aeng |
|
| 050 | 0 | 0 |
_aBS715.5 _b.L46 1998 |
| 082 | 0 | 0 |
_a221.4/4 _220 |
| 130 | 0 |
_aBible. _pOld Testament. _lHebrew. _sLeningrad Codex. _f1998. |
|
| 245 | 1 | 4 |
_aThe Leningrad Codex : _ba facsimile edition / _cgeneral editor, David Noel Freedman ; managing editor, Astrid B. Beck ; associate editors, Bruce E. Zuckerman, Marilyn J. Lundberg ; publication editor, James A. Sanders ; photographers, Bruce E. Zuckerman ... [et al.]. |
| 260 |
_aGrand Rapids, Mich. : _bWm. B. Eerdmans ; _aLeiden ; _aNew York : _bBrill Academic Publishers, _c1998. |
||
| 300 |
_ali, 1016 p. : _bill. (some col.) ; _c34 cm. |
||
| 504 | _aIncludes bibliographical references and indexes. | ||
| 546 | _aIntroductory matter in English. | ||
| 650 | 0 |
_aManuscripts, Hebrew _xFacsimiles. |
|
| 700 | 1 |
_aFreedman, David Noel, _d1922- |
|
| 700 | 1 | _aBeck, Astrid B. | |
| 700 | 1 |
_aSanders, James A., _d1927- |
|
| 906 |
_a7 _bcbc _corignew _d1 _eocip _f19 _gy-gencatlg |
||
| 942 |
_2lcc _cREF _hBS 715.5 _i.L46 1998 |
||
| 999 |
_c25252 _d25252 |
||